|
|
|
|
| LEADER |
00945nab a2200169 i 4500 |
| 001 |
univ51926 |
| 005 |
20191029092715.0 |
| 008 |
191029s2019 hu o 0|| zxx d |
| 040 |
|
|
|a SZTE UnivHistória Repozitórium
|b hun
|
| 041 |
|
|
|a zxx
|
| 100 |
1 |
|
|a Gombaszögi Attila
|
| 245 |
1 |
0 |
|a Bemutatjuk a Zeneszigetet, a legtutibb zenei alkalmazást kisiskolásoknak
|h [elektronikus dokumentum] /
|c Gombaszögi Attila
|
| 260 |
|
|
|c 2019-10-28
|
| 490 |
0 |
|
|a Fmc.hu
|
| 561 |
|
|
|a Egyetemi hirarchívum
|
| 695 |
|
|
|a Mobilalkalmazás - Zenesziget, Zeneművészeti Kar, MTA SZTE Ének- Zene Szakmódszertani Kutatócsoport, Képzés - zenei, Kutatás - zenei, Művészeti nevelés, Általános iskolai tanulók, Tehetséggondozás
|
| 856 |
4 |
0 |
|u http://univ.bibl.u-szeged.hu/51926/1/Bemutatjuk%20a%20Zeneszigetet%2C%20a%20legtutibb%20zenei%20alkalmaz%C3%A1st%20kisiskol%C3%A1soknak%20-%20fmc.hu%20-%20Sz%C3%A9kesfeh%C3%A9rv%C3%A1r%20Online%20Magazinja.pdf
|z Dokumentum-elérés
|